<?xml version="1.0" encoding="UTF-8"?>
<collection xmlns="http://www.loc.gov/MARC21/slim">
  <record>
    <leader>00000nam  2200000   4500</leader>
    <datafield tag="247" ind1="#" ind2="#">
      <subfield code="a"/>
    </datafield>
    <datafield tag="856" ind1="#" ind2="#">
      <subfield code="a"/>
    </datafield>
    <datafield tag="700" ind1=" " ind2="#">
      <subfield code="a"/>
    </datafield>
    <datafield tag="650" ind1=" " ind2="#">
      <subfield code="a">Alokasi Dana Desa</subfield>
    </datafield>
    <datafield tag="520" ind1=" " ind2="#">
      <subfield code="a">Alokasi dana desa sebagai salah satu instrument penting untuk pembangunan desa haruslah digunakan secara efektif dan efisien, sehingga dampaknya sangat terasa untuk pembangunan itu sendiri, khususnya bagi masyarakat kurang mampu/masyarakat miskin. SIKADES PATEN RLH, muncul dari sebuah pemikiran untuk menciptakan terobosan dalam rangka pemantauan intervensi yang terintegrasi berdasarkan data kemiskinan guna mengatasi permasalahan percepatan penurunan tingkat kemiskikan.</subfield>
    </datafield>
    <datafield tag="321" ind1="#" ind2="#">
      <subfield code="a"/>
    </datafield>
    <datafield tag="310" ind1="#" ind2="#">
      <subfield code="a"/>
    </datafield>
    <datafield tag="300" ind1="#" ind2="#">
      <subfield code="a">47 hlm. :</subfield>
      <subfield code="b">ill. ;</subfield>
      <subfield code="c">30 cm</subfield>
      <subfield code="e"/>
    </datafield>
    <datafield tag="260" ind1="#" ind2="#">
      <subfield code="a">Jakarta :</subfield>
      <subfield code="b">Pusbangkom Pimnas dan Manajerial ASN. ;</subfield>
      <subfield code="c">2024</subfield>
    </datafield>
    <controlfield tag="001">$a INLIS000000000020891</controlfield>
    <datafield tag="245" ind1="#" ind2="#">
      <subfield code="a">Sikronisasi Alokasi Dana Desa Untuk Penurunan Tingkat Kemiskinan Melalui Program Rumah Layak Huni di Kabupaten Halmahera Tengah</subfield>
      <subfield code="b"/>
      <subfield code="c">Mustami Jamal</subfield>
    </datafield>
    <datafield tag="100" ind1=" " ind2="#">
      <subfield code="a">Mustami Jamal</subfield>
    </datafield>
    <datafield tag="084" ind1="#" ind2="#">
      <subfield code="a">R 0159 PKN II 2024</subfield>
    </datafield>
    <datafield tag="082" ind1="#" ind2="#">
      <subfield code="a"/>
    </datafield>
    <datafield tag="035" ind1="#" ind2="#">
      <subfield code="a">0010-0426000048</subfield>
    </datafield>
    <datafield tag="020" ind1="#" ind2="#">
      <subfield code="a"/>
    </datafield>
    <controlfield tag="008">$a 260428################g##########0#ind##</controlfield>
    <controlfield tag="005">$a 20260428152957</controlfield>
  </record>
</collection>
